header

Professing linguistic historiography (Record no. 104385)

MARC details
000 -LEADER
fixed length control field 01532nam a2200349 a 4500
082 04 - DEWEY DECIMAL CLASSIFICATION NUMBER
Classification number 410/.9
100 1# - MAIN ENTRY--AUTHOR NAME
Personal name Koerner, E. F. K.
245 10 - TITLE STATEMENT
Title Professing linguistic historiography
260 ## - PUBLICATION, DISTRIBUTION, ETC. (IMPRINT)
Place of publication Amsterdam ;
-- Philadelphia :
Name of publisher J. Benjamins Pub.,
Year of publication c1995.
300 ## - PHYSICAL DESCRIPTION
Number of Pages vi, 274 p. :
Other physical details ill.
505 0# - FORMATTED CONTENTS NOTE
Formatted contents note pt. 1. Topics in the histor(iograpy)y of linguistics -- pt. 2. Historical accounts of linguistic subfields.
650 #0 - SUBJECT ADDED ENTRY--TOPICAL TERM
Topical Term Linguistics
856 40 - ELECTRONIC LOCATION AND ACCESS
Uniform Resource Identifier http://site.ebrary.com/lib/rucke/Doc?id=10589175

No items available.

© 2026 Rongo University
Contact us: librarian | system librarian | Rongo university